000 00736nam a2200217Ii 4500
003 JO-AjNU
008 230605s9999||||xx |||||||||||||| ||und||
017 _a1999/9/911
040 _aJO-AjNU
_bara
_erda
_cJO-AjNU
041 _aara
050 1 4 _aHF1416.D8594.1999
100 3 _aالضمور، هاني حامد,
_eauthor
_945481
245 0 0 _aالتسويق الدولي
250 _aط2 منقحة
264 3 1 _aعمان:المؤبف بعم من الجامعة الاردنية؛1999
300 _a428ص
_bيحتوي على ببلوغرافية من ص423-428ص
336 _atext
_btxt
_2rdacontent
337 _aunmediated
_bn
_2rdamedia
338 _avolume
_bnc
_2rdacarrier
650 4 _aالتسويق الدولي
_945482
999 _aA19719
_c23287
_d23287